Man hunting in the desert: Being a narrative of the Palmer search expedition, 1882, 1883. With an introduction by Walter Besant
Gardado en:
| Autor Principal: | |
|---|---|
| Formato: | Libro |
| Idioma: | inglés |
| Publicado: |
Londres
Horace Cox
1894
|
| Edición: | 1a. ed |
| Subjects: | |
| Tags: |
Engadir etiqueta
Sen Etiquetas, Sexa o primeiro en etiquetar este rexistro!
|
MARC
| LEADER | 00000nam a2200000 a 4500 | ||
|---|---|---|---|
| 001 | UCJ4368 | ||
| 003 | CL-VaPUC | ||
| 005 | 20250227100119.0 | ||
| 008 | 070124e18940000UK |||||||||||||||||eng|d | ||
| 999 | |c 320484 |d 320482 | ||
| 040 | |c Pontificia Universidad Católica de Valparaíso | ||
| 082 | 0 | 4 | |a 910.4 |b HAY |2 21 |
| 100 | 0 | |a Haynes, Alfred E. |e author |9 507892 | |
| 245 | 1 | 0 | |a Man hunting in the desert: Being a narrative of the Palmer search expedition, 1882, 1883. With an introduction by Walter Besant |
| 250 | |a 1a. ed | ||
| 260 | |a Londres |b Horace Cox |c 1894 | ||
| 300 | |a xxii, 305 p | ||
| 500 | |a Iconografía e ilustraciones | ||
| 583 | |a last modification |c 20070124 00:00:00 |k Rodrigo Vera | ||
| 600 | 0 | 7 | |a Palmer, Edward Henry |d 1840-1882 |9 880109 |
| 600 | 0 | 7 | |a CHARRINGTON, HAROLD |2 CL-VaPUC |9 507894 |
| 600 | 0 | 7 | |a GILL, WILLIAM JOHN |2 CL-VaPUC |9 507895 |
| 600 | 0 | 7 | |a ATIK, KHALIL |2 CL-VaPUC |9 507896 |
| 600 | 0 | 7 | |a HASSUN, BAKHOR |2 CL-VaPUC |9 507897 |
| 650 | 0 | |a Viajes |9 257115 | |
| 650 | 7 | |a COLONIZACION INGLESA |2 CL-VaPUC |9 506988 | |
| 650 | 7 | |a BEDUINOS |2 CL-VaPUC |9 505756 | |
| 650 | 0 | |a Cultura |9 269059 | |
| 650 | 0 | |a Iconografía |9 267998 | |
| 650 | 0 | |a Ilustraciones |9 369481 | |
| 650 | 7 | |a LENGUA ARABE |2 CL-VaPUC |9 444035 | |
| 650 | 7 | |a GLOSARIO ARABE |2 CL-VaPUC |9 507898 | |
| 650 | 0 | |a Geografía |9 259346 | |
| 650 | 7 | |a DOCUMENTOS |2 CL-VaPUC |9 366450 | |
| 651 | 7 | |a ARABIA |2 CL-VaPUC |9 334867 | |
| 651 | 0 | |a Egipto |9 268199 | |
| 651 | 7 | |a PENINSULA DE SINAI |2 CL-VaPUC |9 507899 | |
| 942 | |c BK |2 ddc | ||
| 945 | |d 20070124 00:00:00 |a rinostro | ||
| 952 | |0 0 |1 0 |4 0 |6 910_400000000000000_HAY_1894 |7 0 |8 X |9 399013 |a FDOBUD |b FDOBUD |d 2019-11-22 |i 1017292 |o 910.4 HAY 1894 |p 1017292 |r 2019-11-22 |w 2019-11-22 |y BK_X |k BUD | ||